[Event "Topusko Amateur op 6th"]
[Site "Topusko"]
[Date "2017.08.14"]
[Round "4"]
[White "Bozinovic, Bogdan"]
[Black "Zibrat, Matija"]
[Result "1-0"]
[WhiteElo "2210"]
[BlackElo "1843"]
[PlyCount "43"]
[EventDate "2017.08.12"]
[EventType "swiss"]
[EventRounds "9"]
[EventCountry "CRO"]
[SourceTitle "CBM 180 Extra"]
[Source "ChessBase"]
[SourceDate "2017.10.06"]
[SourceVersion "1"]
[SourceVersionDate "2017.10.06"]
[SourceQuality "1"]

1. d4 Nf6 2. c4 e6 3. Nc3 Bb4 4. f3 b6 5. e4 Bxc3+ 6. bxc3 d6 7. Bd3 e5 8. Ne2 Nh5 9. Be3 g5 10. g3 Bh3 11. Qd2 Qf6 12. Ng1 g4 13. Nxh3 gxh3 14. Be2 Qe7 15. Bg5 f6 16. Bh4 h6 17. f4 Ng7 18. fxe5 dxe5 19. dxe5 Qxe5 20. 0-0 Nd7 21. Rad1 Rd8 22. Bxf6 1-0